BIBLIOTECA

SENCICO

Programación PERT-CPM y control de proyectos / (Registro nro. 5118)

Detalles MARC
000 -LEADER
fixed length control field 01143nam a22002537a 4500
003 - CONTROL NUMBER IDENTIFIER
control field PE SENCICO BE
005 - DATE AND TIME OF LATEST TRANSACTION
control field 20251020182712.0
008 - FIXED-LENGTH DATA ELEMENTS--GENERAL INFORMATION
fixed length control field 250304b |||||||| |||| 00| 0 eng d
040 ## - CATALOGING SOURCE
Original cataloging agency PE SENCICO BE
Transcribing agency PE SENCICO BE
041 ## - LANGUAGE CODE
Language code of text/sound track or separate title spa
082 ## - DEWEY DECIMAL CLASSIFICATION NUMBER
Classification number 658.404
Item number L83
100 1# - MAIN ENTRY--PERSONAL NAME
9 (RLIN) 2972
Personal name López M., Hilario
Relator term autor
245 1# - TITLE STATEMENT
Title Programación PERT-CPM y control de proyectos /
Statement of responsibility, etc. Hilario López M., Carlos Morán T.
260 ## - PUBLICATION, DISTRIBUTION, ETC.
Place of publication, distribution, etc. Lima :
Name of publisher, distributor, etc. CAPECO ;
Date of publication, distribution, etc. 1987
300 ## - PHYSICAL DESCRIPTION
Extent 151 páginas :
Other physical details tablas ;
Dimensions 28 cm.
505 0# - FORMATTED CONTENTS NOTE
Formatted contents note Métodos empleados en la planificación de un proyecto -- El grupo PERT-CPM en la planificación de proyectos -- Duración de una actividad -- La estadística: base de la programación pert -- Costos y duración optima de un proyecto en el sistema pert-cpm -- Asignación de recursos a una actividad o a un proyecto -- El control de costos
650 10 - SUBJECT ADDED ENTRY--TOPICAL TERM
9 (RLIN) 149
Topical term or geographic name entry element Administración de proyectos
650 20 - SUBJECT ADDED ENTRY--TOPICAL TERM
9 (RLIN) 919
Topical term or geographic name entry element Control de procesos
650 20 - SUBJECT ADDED ENTRY--TOPICAL TERM
9 (RLIN) 2558
Topical term or geographic name entry element Administración del tiempo
650 20 - SUBJECT ADDED ENTRY--TOPICAL TERM
9 (RLIN) 419
Topical term or geographic name entry element Planificación empresarial
700 1# - ADDED ENTRY--PERSONAL NAME
9 (RLIN) 2973
Personal name Morán T., Carlos
Relator term autor
910 ## - USER-OPTION DATA (OCLC)
User-option data hfp
-- hfp
-- hfp
942 ## - ADDED ENTRY ELEMENTS (KOHA)
Source of classification or shelving scheme Dewey Decimal Classification
Koha item type Libros
Existencias
Fecha de la última vez que lo usaron Número de ingreso o de inventario Pago total Signatura topográfica completa Código de barras Precio efectivo desde Tipo de documento Estado perdido Sistema de clasificación Estado dañado No es para préstamo Retirado Ubicación permanente Ubicación actual Fecha de adquisición
04/03/2025 16101   658.404/L83 BibLima25030006 04/03/2025 Libros   Dewey Decimal Classification       Biblioteca Central Lima Biblioteca Central Lima 13/02/2018